000 00291nam a2200133Ia 4500
100 _aSlater/H/ Smith/Lee
942 _cBK
654 _aPlumbing
245 _aBasic plumbing
260 _bVan Nostrand Reinhold Co.
_aNew York
_c1979
082 _a696.1
300 _a209
546 _aENGLISH
999 _c23875
_d23875